000 00709nam a2200205Ia 4500
001 23368
003 GE_BSU
008 181216s||||||||xx |||||||||||||| ||und||
040 _cGE_BSU
245 _aРеферативный журнал, №3. Литературоведение 2018
245 _bРаздел. Социальные и гуманитарные науки
245 _cгл.ред.Цурганова Е.А.и др.
260 _aмосква
260 _c2018г
300 _a259 стр. 20 см.
653 _aПериодика
653 _aРеферативный журнал, №3. Литературоведение 2018
653 _aპერიოდიკა
942 _cCR
999 _c56266
_d56266